Movies Quiz

Random Movies Quiz

Name T.I. CD'S Quiz Stats

 Plays Quiz not verified by Sporcle

Score 0/9 Timer 06:00
0 Plays Today
% Correct
king
81.8%
Paper Trail
81.8%
TI vs T.I.P
72.7%
No Mercy
63.6%
King Uncaged
54.5%
I'm Serious
36.4%
Trap Muzik
36.4%
Urban Legend
36.4%
The Journey
0%

You're not logged in!

Compare scores with friends on all Sporcle quizzes.
Join for Free
OR
Log In

You Might Also Like...

Show Comments

Extras

Created Mar 6, 2011ReportNominate

Top Quizzes Today


Score Distribution

Your Account Isn't Verified!

In order to create a playlist on Sporcle, you need to verify the email address you used during registration. Go to your Sporcle Settings to finish the process.

Report this User

Report this user for behavior that violates our Community Guidelines.

Details: